[Event "DEM U12 2019"]
[Site "Willingen GER"]
[Date "2019.06.10"]
[Round "3"]
[White "Krömer, Emanuel"]
[Black "Kageler, Anton Paul"]
[Result "0-1"]
[Termination "normal"]
[Board "23"]
[WhiteElo "1466"]
[BlackElo "1563"]
[PlyCount "156"]
[WhiteFideId "16287070"]
[BlackFideId "16244850"]
[EventCountry "GER"]
[EventRounds "9"]
[EventType "swiss"]
[EventDate "2019.06.08"]

1. d4 Nf6 2. Nf3 g6 3. Nc3 d5 4. Bf4 Bg7 5. Qd2 O-O 6. Bh6 Ne4 7. Nxe4 dxe4 8.
Bxg7 Kxg7 9. Ng5 e5 10. O-O-O Qd5 11. Qc3 Qxa2 12. Qa3 Qxa3 13. bxa3 exd4 14.
Rxd4 e3 15. fxe3 Nc6 16. Rf4 h6 17. Ne4 Re8 18. g4 g5 19. Nf6 Rxe3 20. Nh5+ Kg8
21. Nf6+ Kf8 22. Rf3 Rxf3 23. exf3 Be6 24. Bb5 Nd4 25. Bd3 Nxf3 26. Be4 Ke7 27.
Nd5+ Bxd5 28. Bxd5 Ne5 29. Re1 Kf6 30. Rf1+ Kg7 31. h3 c6 32. Rf5 f6 33. Bb3
Rd8 34. Kb2 Kg6 35. Ba2 h5 36. Be6 Re8 37. gxh5+ Kxh5 38. Rxf6 Re7 39. Kc3 Nd7
40. Bg4+ Kh4 41. Rh6+ Kg3 42. Rg6 Nc5 43. Kd4 Ne4 44. c4 Kf4 45. c5 Re5 46. Re6
Rd5+ 47. Kc4 Rxc5+ 48. Kd4 Rd5+ 49. Kc4 Re5 50. Rg6 Re7 51. Kd4 Nf2 52. Rf6+
Kg3 53. Rf3+ Kg2 54. Rc3 Re4+ 55. Kc5 Nxg4 56. hxg4 Rxg4 57. Kd6 Rf4 58. Rc5 g4
59. Rg5 g3 60. Rg7 Ra4 61. Rxb7 Rxa3 62. Kxc6 Kf2 63. Rb2+ Kg1 64. Rb1+ Kh2 65.
Rb5 g2 66. Rh5+ Rh3 67. Rxh3+ Kxh3 68. Kd5 g1=Q 69. Ke4 Qc5 70. Kd3 Qb4 71. Ke3
Qc4 72. Kf3 Qd4 73. Ke2 Qc3 74. Kf2 Qd3 75. Ke1 Qc2 76. Kf1 Kg3 77. Ke1 Kf3 78.
Kf1 Qc1# 0-1

[Event "DEM U12 2019"]
[Site "Willingen GER"]
[Date "2019.06.10"]
[Round "3"]
[White "Wessel, Daniel"]
[Black "Krüger, Arthur"]
[Result "0-1"]
[Termination "normal"]
[Board "24"]
[WhiteElo "1501"]
[BlackElo "1613"]
[PlyCount "76"]
[WhiteFideId "16244982"]
[BlackFideId "16244966"]
[EventCountry "GER"]
[EventRounds "9"]
[EventType "swiss"]
[EventDate "2019.06.08"]

1. d4 d5 2. c4 e6 3. Nc3 Nf6 4. e3 Be7 5. Nf3 O-O 6. Bd3 dxc4 7. Bxc4 b6 8. O-O
Bb7 9. h3 Nbd7 10. Qe2 c5 11. Rd1 Qc7 12. Bd2 Bxf3 13. gxf3 cxd4 14. Nb5 Qc5
15. Nxd4 Qg5+ 16. Kh2 Qh4 17. Bc3 Ne5 18. Nxe6 Qxc4 19. Qxc4 Nxc4 20. Nxf8 Kxf8
21. b3 Na3 22. Rac1 Nb5 23. Bb2 Rd8 24. Rxd8+ Bxd8 25. Bxf6 gxf6 26. Kg3 Ke7
27. Kh4 Nc7 28. a4 Ne6 29. b4 Kd6 30. f4 Ng7 31. Kg3 f5 32. Kf3 a5 33. bxa5
bxa5 34. Rc2 Ne6 35. Rc1 Nc5 36. Rd1+ Ke7 37. Ra1 Ke6 38. Rd1 Bf6 0-1

[Event "DEM U12 2019"]
[Site "Willingen GER"]
[Date "2019.06.10"]
[Round "3"]
[White "Hänselmann, Hendrik"]
[Black "Pfeffer, Samuel"]
[Result "1-0"]
[Termination "normal"]
[Board "25"]
[WhiteElo "1819"]
[BlackElo "1333"]
[PlyCount "49"]
[WhiteFideId "16232755"]
[BlackFideId "16249160"]
[EventCountry "GER"]
[EventRounds "9"]
[EventType "swiss"]
[EventDate "2019.06.08"]

1. e4 c5 2. Nf3 d6 3. d4 cxd4 4. Nxd4 Nf6 5. Nc3 a6 6. a4 e6 7. Be2 Be7 8. O-O
O-O 9. Be3 Nc6 10. f4 Qc7 11. Kh1 Nxd4 12. Qxd4 e5 13. Qd3 Re8 14. Rad1 Be6 15.
f5 Bd7 16. Bg5 Qb6 17. Bxf6 Bxf6 18. Nd5 Qd8 19. b3 Bg5 20. Qg3 Rc8 21. f6 Re6
22. Qxg5 g6 23. Qh6 Qf8 24. Qxf8+ Kxf8 25. Nb6 1-0

[Event "DEM U12 2019"]
[Site "Willingen GER"]
[Date "2019.06.10"]
[Round "3"]
[White "Phan Trong, Dai"]
[Black "Werner, Florin"]
[Result "1-0"]
[Termination "normal"]
[Board "26"]
[WhiteElo "1657"]
[BlackElo "1288"]
[PlyCount "73"]
[WhiteFideId "16236939"]
[BlackFideId "16250230"]
[EventCountry "GER"]
[EventRounds "9"]
[EventType "swiss"]
[EventDate "2019.06.08"]

1. c4 e6 2. Nc3 d5 3. cxd5 exd5 4. d3 c5 5. g3 Nc6 6. Bg2 Nge7 7. Nf3 g6 8. O-O
Bg7 9. Bf4 Bg4 10. h3 Be6 11. Ng5 O-O 12. Nxe6 fxe6 13. Qc1 Nf5 14. e4 Bxc3 15.
bxc3 Ng7 16. exd5 exd5 17. Rb1 b6 18. c4 Ne7 19. Bg5 Ngf5 20. Bxd5+ Kh8 21.
Qb2+ Nd4 22. Bxa8 Qxa8 23. Bxe7 Rf7 24. Bd6 Kg8 25. f4 Nf3+ 26. Kf2 Nh2 27. Qe2
Qd8 28. Be5 Re7 29. Rh1 Rd7 30. Rbd1 Qe8 31. Rxh2 Qe6 32. Qe4 Rd8 33. Kf3 a6
34. Bc7 Qxe4+ 35. Kxe4 Re8+ 36. Kd5 Kf7 37. Rdd2 1-0

[Event "DEM U12 2019"]
[Site "Willingen GER"]
[Date "2019.06.10"]
[Round "3"]
[White "Duong, Quang Bach"]
[Black "Langen, Sebastian"]
[Result "1-0"]
[Termination "normal"]
[Board "27"]
[WhiteElo "1647"]
[BlackElo "1167"]
[PlyCount "75"]
[WhiteFideId "16287045"]
[BlackFideId "16287088"]
[EventCountry "GER"]
[EventRounds "9"]
[EventType "swiss"]
[EventDate "2019.06.08"]

1. e4 e5 2. Nf3 Nc6 3. Nc3 Bc5 4. Nxe5 Bxf2+ 5. Kxf2 Nxe5 6. d4 Ng6 7. Bc4 d6
8. Rf1 h6 9. Kg1 Nf6 10. h3 O-O 11. Qf3 Qe8 12. Bxh6 Nh7 13. Bd2 c6 14. Rae1 b5
15. Bb3 Qd7 16. Qg3 a5 17. Qxg6 Kh8 18. Bxf7 Ra7 19. Rf5 Rxf7 20. Rh5 Kg8 21.
Qxh7+ Kf8 22. Qh8+ Ke7 23. Bg5+ Ke6 24. d5+ Ke5 25. Be3+ Kf6 26. Rf1+ Ke7 27.
Bg5+ Rf6 28. Qxg7+ Kd8 29. Bxf6+ Kc7 30. Bd8+ Kxd8 31. Rh8+ Kc7 32. Rf7 Kb6 33.
Rxd7 Bxd7 34. Rh7 b4 35. Na4+ Kb5 36. dxc6 Kxc6 37. Qd4 Rc7 38. Qb6# 1-0

[Event "DEM U12 2019"]
[Site "Willingen GER"]
[Date "2019.06.10"]
[Round "3"]
[White "Andrade, Ruben"]
[Black "Morczynski, Joachim"]
[Result "0-1"]
[Termination "normal"]
[Board "28"]
[WhiteElo "1480"]
[BlackElo "1733"]
[PlyCount "68"]
[WhiteFideId "16246829"]
[BlackFideId "16209745"]
[EventCountry "GER"]
[EventRounds "9"]
[EventType "swiss"]
[EventDate "2019.06.08"]

1. e4 g6 2. d4 Bg7 3. Nc3 d6 4. f4 a6 5. Nf3 b5 6. e5 Nd7 7. a3 c5 8. Be3 Bb7
9. e6 fxe6 10. Ng5 Nf8 11. dxc5 Rc8 12. Qd2 Nh6 13. O-O-O Nf5 14. Bf2 Qa5 15.
Rg1 h6 16. Nf3 b4 17. Na2 dxc5 18. Bc4 Qc7 19. Rge1 bxa3 20. bxa3 Bxf3 21. gxf3
Qb7 22. c3 Rb8 23. Qc2 Qxf3 24. Bxe6 Qxf4+ 25. Qd2 Qxd2+ 26. Rxd2 Nxe6 27. Rxe6
Kf7 28. Rxa6 Rb3 29. Rb2 c4 30. Rb6 Rxa3 31. Kc2 Rha8 32. Nb4 Rxc3+ 33. Kd2 Rh3
34. Bg1 Bxb2 0-1

[Event "DEM U12 2019"]
[Site "Willingen GER"]
[Date "2019.06.10"]
[Round "3"]
[White "Janssen, Joris Frederik"]
[Black "Walter, Alexander"]
[Result "0-1"]
[Termination "normal"]
[Board "29"]
[WhiteElo "1274"]
[BlackElo "1642"]
[PlyCount "80"]
[WhiteFideId "16287061"]
[BlackFideId "16227620"]
[EventCountry "GER"]
[EventRounds "9"]
[EventType "swiss"]
[EventDate "2019.06.08"]

1. d4 Nf6 2. Bf4 e6 3. Nf3 Be7 4. e3 O-O 5. Bd3 d5 6. h3 c5 7. c4 Nc6 8. a3 b6
9. O-O Bb7 10. Nc3 Rc8 11. b3 Re8 12. Qc2 h6 13. Rad1 cxd4 14. exd4 Bxa3 15.
Qa2 Be7 16. Bb1 Bb4 17. Ne2 Qe7 18. Qc2 Bd6 19. Be5 Nb4 20. Bxf6 Qxf6 21. Qh7+
Kf8 22. Ng3 g6 23. Qxh6+ Qg7 24. Qe3 dxc4 25. bxc4 Rxc4 26. Ne4 Bxe4 27. Qxe4
Rec8 28. Qb7 R4c7 29. Qe4 a5 30. g3 Nd5 31. Kg2 Nc3 32. Qh4 Nxd1 33. Rxd1 Kg8
34. Bd3 a4 35. Bf1 a3 36. Ra1 Rc1 37. Rxc1 Rxc1 38. Qd8+ Qf8 39. Qxb6 a2 40.
Nd2 a1=Q 0-1